FPGA Prototyping by VHDL Examples : (Record no. 12796)
[ view plain ]
| 000 -LEADER | |
|---|---|
| fixed length control field | 01200nam a22002177a 4500 |
| 008 - FIXED-LENGTH DATA ELEMENTS--GENERAL INFORMATION | |
| fixed length control field | 091015t xxu||||| |||| 00| 0 eng d |
| 020 ## - INTERNATIONAL STANDARD BOOK NUMBER | |
| International Standard Book Number | 9780470185315 |
| 082 ## - DEWEY DECIMAL CLASSIFICATION NUMBER | |
| Edition number | 22 |
| Classification number | 621.395 |
| Item number | CHU |
| 100 1# - MAIN ENTRY--PERSONAL NAME | |
| Personal name | Chu, Pong P. |
| Dates associated with a name | 1959- |
| 9 (RLIN) | 8893 |
| 245 ## - TITLE STATEMENT | |
| Title | FPGA Prototyping by VHDL Examples : |
| Remainder of title | Xilinx Spartan-3 version / |
| Statement of responsibility, etc | Pong P. Chu. |
| 260 ## - PUBLICATION, DISTRIBUTION, ETC. (IMPRINT) | |
| Place of publication, distribution, etc | Hoboken, N.J. : |
| Name of publisher, distributor, etc | Wiley-Interscience, |
| Date of publication, distribution, etc | c2008. |
| 300 ## - PHYSICAL DESCRIPTION | |
| Extent | xxv, 440 p. : |
| Other physical details | ill. ; |
| Dimensions | 26 cm. |
| 504 ## - BIBLIOGRAPHY, ETC. NOTE | |
| Bibliography, etc | Includes bibliographical references and index. |
| 650 #0 - SUBJECT ADDED ENTRY--TOPICAL TERM | |
| Topical term or geographic name as entry element | Field programmable gate arrays |
| General subdivision | Design and construction. |
| 9 (RLIN) | 8894 |
| 650 #0 - SUBJECT ADDED ENTRY--TOPICAL TERM | |
| Topical term or geographic name as entry element | Prototypes, Engineering. |
| 9 (RLIN) | 8895 |
| 650 #0 - SUBJECT ADDED ENTRY--TOPICAL TERM | |
| Topical term or geographic name as entry element | VHDL (Computer hardware description language) |
| 9 (RLIN) | 8896 |
| 942 ## - ADDED ENTRY ELEMENTS (KOHA) | |
| Source of classification or shelving scheme | Dewey Decimal Classification |
| Item type | Book - Borrowing |
| Withdrawn status | Item status | Source of classification or shelving scheme | Damaged status | Not for loan | Vendor | Home library | Current library | Shelving location | Date acquired | Source of acquisition | Total Checkouts | Total Renewals | Full call number | Barcode | Date last seen | Date last borrowed | Koha item type |
|---|---|---|---|---|---|---|---|---|---|---|---|---|---|---|---|---|---|
| Dewey Decimal Classification | Baccah | Central Library | Central Library | First floor | 15/10/2009 | 2 | 40 | 621.395 CHU | 000018080 | 15/07/2025 | 16/01/2013 | Book - Borrowing | |||||
| Dewey Decimal Classification | Baccah | Central Library | Central Library | First floor | 15/10/2009 | 621.395 CHU | 000018079 | 15/07/2025 | NB - Book (Non borrowing) | ||||||||
| Dewey Decimal Classification | Baccah | Central Library | Central Library | First floor | 15/10/2009 | 1 | 621.395 CHU | 000018078 | 15/07/2025 | 22/12/2009 | Book - Borrowing |